Haz clic en el país con un mapa sin fronteras #2 - Estadísticas

Estadísticas generales
  • Esta prueba ha sido intentada 5.587 veces
  • La puntuación promedio es 16 de 25
Respuestas en el mapa
Las respuestas están codificadas por una escala verde-roja en el mapa de la prueba según el % correcto abajo.
 
Estadísticas de respuestas
Respuesta % Correcto
Canadá
98%
Japón
96%
Australia
95%
Venezuela
84%
Francia
83%
Argelia
78%
Grecia
78%
Arabia Saudita
77%
Finlandia
77%
Argentina
76%
China
75%
Indonesia
75%
Somalia
74%
Dinamarca
71%
Tailandia
70%
Bahamas
63%
Pakistán
57%
Perú
45%
Comoras
43%
Polonia
42%
Maldivas
40%
Mozambique
40%
República Democrática del Congo
38%
Fiyi
33%
Barbados
25%
No se encontraron pruebas coincidentes
Distribución de puntuación
Porcentaje de gente con cada puntuación
Porcentaje por número respondido
Historial de tus puntuaciones
No has intentado esta prueba.